По страницам великой жизни: из биографической хроники Владимира Ильича Ленина. [1902-1922]

Xehetasun bibliografikoak
Erakunde egilea: Ростовский обком КПСС Партийный архив
Beste egile batzuk: Емельяненко Н. Я. (составитель), Этенко Л. А.
Gaia:К 110-летию со дня рождения В. И. Ленина.
Hizkuntza:errusiera
Argitaratua: Ростов-на-Дону, Ростовское книжное изд-во, 1980
Saila:Донская Лениниана Кн. 2
Gaiak:
Formatua: Liburua
KOHA link:https://koha.lib.tpu.ru/cgi-bin/koha/opac-detail.pl?biblionumber=219562

MARC

LEADER 00000nam0a2200000 4500
001 219562
005 20260414171143.0
010 |b 3000 экз. 
035 |a (RuTPU)RU\TPU\book\239647 
035 |a RU\TPU\book\239645 
090 |a 219562 
100 |a 20120710d1980 m y0rusy50 ca 
101 0 |a rus 
102 |a RU 
105 |a ac z 010zb 
200 1 |a По страницам великой жизни  |e из биографической хроники Владимира Ильича Ленина. [1902-1922]  |f Ростовский обком КПСС, Партийный архив ; сост. Н. Я. Емельяненко, Л. А. Этенко 
210 |a Ростов-на-Дону  |c Ростовское книжное изд-во  |d 1980 
215 |a 192 с.  |c ил., портр.  |d 13 см. 
225 1 |a Донская Лениниана  |v Кн. 2 
300 |a К 110-летию со дня рождения В. И. Ленина. 
606 |a Ленин В. И.  |x Жизнь и деятельность  |9 89215 
610 1 |a Дон 
610 1 |a лениниана 
610 1 |a биографические хроники 
610 1 |a миниатюрные издания 
686 |a Т3(2)6-8Ленин35  |2 rubbk 
702 1 |a Емельяненко  |b Н. Я.  |4 220 
702 1 |a Этенко  |b Л. А.  |4 220 
712 0 2 |a Ростовский обком КПСС  |b Партийный архив 
801 1 |a RU  |b 63413507  |c 20120710 
801 2 |a RU  |b 63413507  |c 20120907  |g RCR 
942 |c BK